Arquitectura y clima: manual de diseño bioclimático para arquitectos y urbanistas

Uloženo v:
Podrobná bibliografie
Hlavní autor: Olgyay, Víctor (autor)
Médium: Kniha
Jazyk:španělština
Vydáno: Barcelona Gustavo Gili 1998
Vydání:1a. ed
Témata:
Tagy: Přidat tag
Žádné tagy, Buďte první, kdo vytvoří štítek k tomuto záznamu!

MARC

LEADER 00000nam a2200000 a 4500
001 UCK2496
003 CL-VaPUC
005 20240619100130.0
008 050120e19980000SP |||||||||||||||||spa|d
999 |c 312009  |d 312007 
020 |a 8425214882 
040 |c Pontificia Universidad Católica de Valparaíso 
082 0 4 |a 720.47  |b OLG  |2 21 
100 |a Olgyay, Víctor  |e autor  |9 490354 
245 1 0 |a Arquitectura y clima: manual de diseño bioclimático para arquitectos y urbanistas 
250 |a 1a. ed 
260 |a Barcelona  |b Gustavo Gili  |c 1998 
300 |a 203 p 
500 |a http://www.ggili.com 
500 |a Arquitectura y clima se ha convertido en un libro clásico. Publicado por primera vez en la década de los años 50 en Estados Unidos, conserva toda su actualidad en cuestiones mediombientales, explorando las relaciones entre edificios y medio natural que lo envuelve, entre "arquitectura" y "lugar", entre "forma" y "clima", entre "urbanismo" y "regionalismo". Desarrollado en tres partes: clima y su relación con el ser humano; la interpretación de las acciones del clima en clave arquitectónica y a su aplicación en la arquitectura y el urbanismo, el libro desarrolla una completa teoría del diseño arquitectónico autoconsciente, apoyada sólidamente en lógicas justificaciones teóricas, utilizando métodos y conocimientos propios de otras disciplinas como la biología, meteorología o ingeniería 
583 |a last modification  |c 20050120 00:00:00  |k Rodrigo Vera 
650 0 |a Arquitectura  |x Bioclima  |x Gráfica solar  |x Topografía climática  |x Forma arquitectónica  |9 804558 
942 |c BK  |2 ddc 
945 |d 20050120 00:00:00  |a vberengu 
952 |0 0  |1 0  |4 0  |6 720_470000000000000_OLG_1998  |7 0  |8 A  |9 381790  |a BIBARQ  |b BIBARQ  |d 2019-11-21  |i 4094298  |l 4  |m 1  |o 720.47 OLG 1998  |p 4094298  |r 2025-01-20  |s 2024-03-25  |w 2019-11-21  |y BK  |k ARQ